[Event "Presidents Cup "]
[Site "Elista"]
[Date "1998.05.08"]
[Round "1.2"]
[White "Bareev, Evgeny"]
[Black "Tukmakov, Vladimir B"]
[Result "1-0"]
[WhiteElo "2675"]
[BlackElo "2610"]
[Annotator "Ribli,Z"]
[PlyCount "41"]
[EventDate "1998.05.07"]
[EventType "k.o."]
[EventRounds "6"]
[EventCountry "RUS"]
[SourceTitle "CBM 065"]
[Source "ChessBase"]
[SourceDate "1998.08.06"]
[SourceVersion "1"]
[SourceVersionDate "1998.08.06"]
[SourceQuality "1"]

1. Nf3 Nf6 2. c4 e6 3. g3 d5 4. Bg2 dxc4 {Wenn Schwarz nicht auf c4 nimmt,
kann Weiß mit 5.d2-d4 in die Katalanische Eröffnung übergehen. Nach der
Partiefortsetzung ist es für Weiß nicht so leicht, d2-d4 zu spielen. Ribli.} 5.
Qa4+ Nbd7 {5...Bd7 ware weniger stark, denn der Läufer gehört meines Erachtens
auf die lange Diagonale.} 6. Qxc4 c5 7. O-O Rb8 {Dies ist noch nicht schlecht,
aber die Alternative 7...b6 bietet die viel besseren Ausgleichschancen.} (7...
b6 $1 {Auf den ersten Blick scheint Schwarz in der langen Diagonalen Probleme
zu bekommen, aber Weiß hat nichts Konkretes.} 8. Nd4 Ne5 9. Nc6 (9. Qc2 Nd5 10.
Nf3 Nc6 11. d4 Bb7 12. dxc5 Bxc5 13. a3 O-O 14. b4 Nd4 15. Qd3 Nxf3+ 16. Bxf3
Be7 17. Bb2 Bf6 18. Qb3 Rc8 19. Ra2 Rc7 20. Bxf6 Qxf6 21. Rc2 Rxc2 22. Qxc2 Rc8
23. Qd2 {1/2-1/2 Umanskaya,I-Thesing,M/Berliner Sommer 1996 (42)}) 9... Nxc4
10. Nxd8 Nd5 11. Nc3 Kxd8 12. Nxd5 Bb7 13. b3 Na5 14. Ne3 Bxg2 15. Kxg2 Be7 16.
Bb2 Bf6 17. Bxf6+ gxf6 18. f4 Ke7 {1/2-1/2 Lechtynsky,J-Meister,Y/Linz 1995 
(31)}) (7... Bd6 8. d4 O-O 9. Nc3 a6 10. dxc5 Bxc5 11. Bg5 b5 12. Bxf6 {
1/2-1/2 Gheorghiu,F-Tukmakov,V/Lenk op 1992}) 8. Nc3 a6 (8... b6 9. d4 (9. d3
Bb7 $11) 9... Bb7 10. Bf4 Rc8 11. Nb5 $14) 9. a4 Bd6 $6 {Schwarz möchte den
nach folgendem 10.d4 drohenden Läuferzug 11.Bf4 vermeiden, aber in
Wirklichkeit steht der Läufer unglücklich auf d6.} (9... b6 10. d4 Bb7 11. Rd1
(11. Bg5 $5) (11. Bf4 Rc8) 11... b5 $5 (11... Rc8 $6 12. Bg5 h6 13. Bxf6 Qxf6
14. Ne5 cxd4 15. Nxd7 Kxd7 16. Rxd4+ Ke8 17. Qd3 Bxg2 18. Kxg2 Bc5 19. Rf4 Qd8
20. Qxa6 {1-0 Klicnar,M-Reischig,T/CZE-chT1a 9697 1997 (23)}) 12. axb5 axb5 13.
Nxb5 $2 Bd5 14. Qa4 Qb6 15. Nc3 Bb3 16. Qa6 Qxa6 17. Rxa6 Bxd1 18. Nxd1 Be7 19.
Bf4 Rc8 20. dxc5 Bxc5 21. Nc3 O-O $15 {Eretova,K-Kharkova,E/Bohemians-W 1989/1/
2-1/2 (61)}) 10. d4 $1 cxd4 11. Qxd4 $14 {Weiß ist gut entwickelt und
kontrolliert mehr Raum. Schwarz hat vor allem Sorgen mit der Entwicklung
seines Damenläufers.} Qe7 (11... Bc5 12. Qf4 $14) 12. Rd1 Bc5 (12... Bc7 13. b3
$14 {[%cal Rc1a3,Ra3f8] Ein Läufer auf a3 wäre für Schwarz sehr unangenehm.})
13. Qh4 {[%csl Gh4]} O-O 14. Bf4 $1 {Schwarz kann jetzt wählen, mit ...Ra8
zwei Tempi verloren zu haben, oder sich wie in der Partie mit ...e5 zu
kompromittieren.} e5 (14... Ra8 15. Rac1 $16) 15. Bg5 $16 Qe8 (15... Qe6 16. b4
Ba7 17. Bh3 Qb3 18. Rd3 $16) (15... h6 16. Nd5 Qe6 17. Bh3 $5 (17. Nxf6+ Nxf6
18. Bxf6 Qxf6 19. Qxf6 gxf6 20. Rac1 $14) 17... hxg5 18. Nxg5 Qc6 19. Bxd7
Bxf2+ 20. Kf1 (20. Kxf2 Bxd7 21. Ne7# $18 (21. Nxf6+ $2 Qxf6+ $15)) 20... Bxd7
21. Nxf6+ Qxf6 22. Qh7# $18) 16. Bh3 {[%csl Rc8,Gd1,Gg5,Gh3,Gh4] Es ist
interessant, daß ein routinierter Großmeister wie Tukmakov nach 16 Zügen
praktisch aussichtslos steht.} Be7 (16... h6 17. Bxh6 $1 gxh6 18. Qxh6 {
[%csl Rg8,Gh6]} Nh7 19. Ne4 {[%csl Ge4,Rg8]} f5 20. Nfg5 Qe7 21. Bxf5 (21. Nxh7
Qxh7 22. Qe6+ Qf7 23. Bxf5 (23. Nxc5 Nxc5 24. Qxe5 {[%cal Re5c5,Re5b8]} Nd7 25.
Qf4 $36) 23... Nb6 24. Nxc5 Bxe6 25. Bxe6 $18) 21... Nxg5 22. Nxg5 Rxf5 23.
Qg6+ Qg7 24. Qxf5 Nf8 25. Qc2 Bxf2+ 26. Kxf2 Qxg5 27. Qc7 Ra8 28. Rd8 $16) 17.
Ne4 {[%cal Rh4e7] Die Fesselung in der Diagonalen h4-a8 ist für Schwarz
tödlich.} Nxe4 (17... h6 18. Bxd7 hxg5 (18... Bxd7 19. Nxf6+ Bxf6 20. Bxf6 gxf6
21. Qxf6 $16 {[%csl Rg8]} (21. Qxh6 $16 {[%csl Rg8]})) 19. Nfxg5 Bxd7 20. Nxf6+
Bxf6 21. Qh7#) 18. Bxe7 {[%csl Rf8]} Ndf6 19. Bxf8 $18 {Schwarz ist ohne
Kompensation für die klare weiße Mehrqualität.} Kxf8 20. Bxc8 Rxc8 21. Rac1 {
und Schwarz gab seine hoffnungslose Stellung auf.} (21. Rac1 Rxc1 22. Rxc1 Qxa4
23. Nxe5 $18) 1-0

[Event "Sarajevo Bosnia 28th"]
[Site "Sarajevo"]
[Date "1998.05.29"]
[Round "1"]
[White "Lputian, Smbat G"]
[Black "Piket, Jeroen"]
[Result "1-0"]
[WhiteElo "2610"]
[BlackElo "2575"]
[Annotator "Ribli,Z"]
[PlyCount "67"]
[EventDate "1998.05.29"]
[EventType "tourn"]
[EventRounds "9"]
[EventCountry "BIH"]
[EventCategory "15"]
[SourceTitle "CBM 066"]
[Source "ChessBase"]
[SourceDate "1998.09.30"]
[SourceVersion "1"]
[SourceVersionDate "1998.09.30"]
[SourceQuality "1"]

1. Nf3 Nf6 2. c4 e6 3. g3 d5 {Das ist eine natürliche Antwort, aber die
Alternative 3...a6 ist auch interessant. Ribli.} 4. Bg2 {Statt der
Partiefortsetzung kann Weiß auch mit 4.d4 die Katalanische Eröffnung wählen.}
dxc4 5. Qa4+ Nbd7 6. Qxc4 a6 7. Qb3 {Nach diesem Zug kann Schwarz nicht 7...
b7-b5 mit Tempo ziehen und hat Schwerigkeiten mit der Entwicklung des
Damenflügels.} (7. a4 c5 8. Qb3 Bd6 9. Na3 O-O 10. Nc4 Bc7 11. a5 e5 12. d3 Re8
13. Bd2 e4 14. dxe4 Nxe4 15. Be3 Ndf6 16. O-O Be6 17. Ng5 Nxg5 18. Bxg5 Rb8 19.
Qc2 {Krainski,A-Hass,R/POL-chT Porabka 1986/1-0 (61)}) 7... c5 $6 {Dieser Zug
gefällt mir nicht. Ich bin der Meinung, Schwarz muß 7...Rb8 spielen.} (7... Rb8
8. O-O b5 9. d4 Bb7 10. Bf4 Nd5 (10... Bd6 11. Nc3 Bxf4 12. gxf4 c5 13. dxc5
Nxc5 14. Qb4 Qb6 15. a4 {1/2-1/2 Barbero,G-Plachetka,J/AUT-chT 1993}) 11. Nc3
Nxf4 12. gxf4 c5 13. d5 c4 14. Qd1 exd5 15. Nxd5 Nc5 16. Ne5 Bd6 17. b3 cxb3
18. axb3 O-O 19. e3 Re8 {1/2-1/2 Hoffmann,M-Unzicker,W/BL9596 1996 (29)}) (7...
Bd6) 8. a4 {[%csl Rc8,Gg2][%cal Gb1a3,Ga3c4] Weiß gewinnt Raum am Damenflügel
und das Springermanöver Na3-c4 wird unangenehm für Schwarz, der Probleme mit
der Entwicklung seines Damenläufers hat.} (8. d3 Qc7 (8... Bd6 9. a4 Bc7 10.
Bd2 Ba5 11. O-O Rb8 12. Bxa5 Qxa5 13. Nbd2 b5 14. axb5 Qxb5 15. Ra3 O-O 16. Rb1
Qxb3 17. Nxb3 Bb7 18. Nfd2 $14 {1-0 Stangl,M-Liang Jinrong/Lippstadt 1997 (39)}
) 9. a4 Be7 10. a5 $14 {Hauchard,A-Thorhallsson,T/Reykjavik/1993/CBM35/}) 8...
Rb8 (8... Qb6 9. Qxb6 Nxb6 10. a5 Nbd5 11. O-O Bd7 12. d3 Be7 13. Na3 O-O 14.
Bd2 Rfd8 15. Rfc1 Be8 16. Nc4 Rac8 17. Nfe5 $14 Bb5 18. f4 {Petursson,
M-Jonsson,B/Akureyri 1994/1-0 (56)}) (8... Bd6 9. Na3 O-O 10. Nc4 Bc7 11. a5
$14 Nd5 12. O-O Rb8 13. d4 b5 14. axb6 N5xb6 15. Rd1 Nd5 16. Qc2 Qe7 17. Bg5 {
1/2-1/2 Nesterov,J-Plachetka,J/Pila 1992 (29)}) (8... Nd5 9. a5 Nb4 10. d3 Nc6
11. Bd2 Bd6 12. Bc3 O-O 13. Nbd2 Bc7 14. Nc4 Nf6 15. Qa3 Qe7 16. O-O e5 17.
Rac1 Bg4 18. Rfe1 Rad8 19. Nfd2 Nd7 20. Ne3 Be6 21. Nd5 Bxd5 22. Bxd5 Nf6 23.
Bxc6 bxc6 24. Qa4 Qe6 25. Qc4 Qxc4 26. Nxc4 $16 {Minasian,A-Aleksandrov,A/NY
op 1998/1-0 (70)}) 9. a5 $5 (9. d3 Bd6 10. Nc3 O-O 11. a5 b5 12. axb6 Nxb6 13.
O-O h6 (13... Nfd5 14. Ne4 Be7 15. Bd2 Bd7 16. Ba5 $14 {1-0 Suba,M-Rodriguez,O/
Ponferrada op 1992 (41)}) 14. Nd2 Nbd5 15. Qd1 $16 {Suba,M-Lalic,B/Debrecen
1992/1/2-1/2 (67)}) 9... Bd6 {[%cal Gd6c7,Gc7a5] Schwarz entwickelt hier den
Läufer nach d6, um die Möglichkeit ...Bc7 zu haben.} 10. d3 {So kann Weiß
seinen a5-Bauern im Falle von 10...Bc7 mit 11.Bd2 verteidigen.} O-O (10... b5
11. axb6 Nxb6 12. O-O O-O 13. Na3 h6 14. Bd2 Nbd5 15. Qc2 Nb4 16. Qc1 Bb7 17.
Nc4 Rc8 18. Bf4 Bxf4 19. Qxf4 Nfd5 20. Qd2 $14 {1/2-1/2 Lputian,S-Klovans,J/
Open, Biel SUI 1997 (28)}) (10... Bc7 11. Qa3 O-O (11... Nd5 12. Bg5 f6 13. Bd2
O-O 14. O-O Kh8 15. Rc1 $14 {1/2-1/2 Stangl,M-Taimanov,M/Wildbad 1990 (23)})
12. O-O Nd5 13. Bg5 Qe8 14. Rc1 h6 15. Bd2 Bd6 16. Nc3 b5 17. axb6 Rxb6 18. Na4
Rb5 19. Nd4 cxd4 20. Qxd6 N7b6 21. Nxb6 Rxb6 22. Qa3 $14 {1-0 Stangl,
M-Gurevich,V/Berliner Sommer 1993 (37)}) 11. O-O (11. Nbd2 b5 12. axb6 Nxb6 13.
O-O Qc7 14. Qc2 Bb7 15. b3 Nbd5 16. Nc4 Be7 17. Bb2 Nd7 18. Rfc1 $14 {1-0
Pelletier,Y-Lindinger,M/City-ch, Hamburg GER 1998 (27)}) 11... h6 (11... b5 12.
axb6 Nxb6 13. Nbd2 (13. Nfd2 Nfd5 14. Qd1 Nb4 15. Na3 Bd7 16. Nac4 Nxc4 17.
Nxc4 Bb5 18. Be3 Bxc4 19. dxc4 Qc7 20. Qa4 Be5 21. Qa5 Nc2 22. Qxc7 Bxc7 23.
Bxc5 Nxa1 24. Bxf8 {1/2-1/2 Sherbakov,R-Ivanov,S/URS-chT Podolsk 1990}) (13.
Na3 $14) 13... h6 14. Qc2 Bb7 15. b3 Re8 16. Bb2 Qe7 $14 {1/2-1/2 Shestakov,
S-Nikolenko,O/Moscow-ch op 1995 (25)}) 12. Bd2 Re8 $6 {Das ist überflüssig. Es
wäre besser, wie später in der Partie, 12...b5 zu ziehen.} (12... b5 13. axb6
Nxb6 $14) 13. Na3 e5 14. Nc4 $14 {[%csl Yb6,Gc4,Rc8,Gg2] Mit dem Springer von
c4 übt der Weiße unangenehmen positionellen Druck aus.} Bc7 15. Rfd1 (15. e4 $6
{Dieser Zug ist auch nicht schlecht, aber die Partiefortsetzung scheint mir
besser.} b5 (15... Nf8 16. Bc3 $16 {[%csl Re5]}) 16. axb6 Nxb6 17. Na5 (17.
Nxb6 Bxb6 $14) 17... Bd7 $14) 15... Qe7 (15... e4 16. dxe4 Nxe4 17. Bf4 Bxf4
18. gxf4 $16 {[%csl Ga5,Gc4,Rc8][%cal Gd1d8] Weiß beherrscht das Brett und
seine Doppelbauern in der f-Linie sind nicht schlecht.}) 16. Nh4 {[%csl Yf5]
[%cal Gh4f5]} (16. Bc3 e4 17. Nh4 exd3 (17... Ne5 18. dxe4 $16) 18. exd3 {
[%csl Gc3,Yf5,Gg2][%cal Gh4f5] Die weißen Leichtfiguren stehen sehr aktiv.} Nf8
19. Re1 Be6 $14) 16... b5 $6 (16... Qe6 $5 {[%cal Ge6b3]}) (16... Nf8 17. Bc3
Be6 18. Qa3 $14 {Weiß plant19.b4.}) 17. axb6 Nxb6 18. Na5 {[%csl Yc6,Gg2][%cal
Ra5c6,Rc6e7,Rc6b8] Weiß entfaltet besonders gutes Figurenspiel, während die
schwarze Stellung unter vielerlei Felderschwächen leidet.} Nbd5 19. Qc2 $5 (19.
Qa3 Nb4 $14) 19... Qd7 (19... Bd7 20. Nb3 $16 {[%csl Ra6,Rc5]}) (19... Rb5 $6
20. Nc6 Qd6 21. Na7 $36 {[%csl Ra6,Yf5][%cal Ra7b5,Ra7c8]}) 20. Nb3 Bd6 21.
Nxc5 Bxc5 22. Qxc5 Rxb2 23. e4 {Weiß besitzt das Läuferpaar und sein
Zentrumsübergewicht wird früher oder später spürbar.} Rb5 (23... Nc7 24. Nf5 {
[%csl Gf5]} Nb5 {[%cal Gb5d4]} 25. Qc1 {[%cal Rc1b2,Rc1h6] mit der sehr
gefährlichen Doppeldrohung auf b2 und h6.}) 24. Qa3 Ne7 25. Bc3 Qb7 26. Rdc1
Qb8 $5 (26... Nc6 27. Nf5 Bxf5 28. exf5 Rc8 $14 {[%csl Gc3,Gg2] Das Läuferpaar
sichert dem Weißen die Initiative, aber die schwarze Stellung ist fest.}) (
26... Rd8 $6 {Dieser Zug verhindert nichts.} 27. d4 $1 $16 exd4 28. e5 {
[%cal Re5f6,Rg2b7]}) 27. d4 exd4 $2 {Die Öffnung der Stellung ist wegen des
Läuferpaars zum Vorteil des Weißen.} (27... Nc6 $5 28. d5 Nd4 29. Bxd4 exd4 30.
Qd3 {[%csl Rd4]} Rb3 31. Qxd4 Rb4 $14 {[%csl Re4][%cal Ge8e4,Gb4e4,Gf6e4]}) 28.
Bxd4 {[%csl Gd4,Rf6,Gg2] Neben den starken Läufern besitzt Weiß das
Übergewicht im Zentrum.} Nh7 29. Bf1 Rb3 (29... Rb4 $2 30. Ba7 {[%csl Rb4]} Qb7
31. Bxa6 Qxa6 32. Qxb4 $18) 30. Qa4 {[%cal Ra4e8]} Be6 (30... Rd8 31. Bc5 $16 {
[%csl Re7][%cal Gf1c4,Rc5e7]}) 31. Be5 $1 {[%csl Ge5][%cal Ga4e8]} Qd8 $2 {
Das ist ein Fehler in sehr schwieriger Stellung.} (31... Qa8 $16) 32. Rd1 {
[%csl Rb3,Rd8,Re8][%cal Rd1d8]} Qa8 33. Rd6 {[%csl Ra6,Re6]} Ng5 $2 (33... Rb7
34. Rxa6 $16) 34. Rxe6 $18 {Schwarz gab auf, denn seinem Turm ist die Deckung
genommen.} (34. Rxe6 Nxe6 35. Qxb3 $18) 1-0

[Event "Sarajevo Bosnia 28th"]
[Site "Sarajevo"]
[Date "1998.05.29"]
[Round "1"]
[White "Kozul, Zdenko"]
[Black "Bareev, Evgeny"]
[Result "0-1"]
[WhiteElo "2585"]
[BlackElo "2675"]
[Annotator "Ribli,Z"]
[PlyCount "80"]
[EventDate "1998.05.29"]
[EventType "tourn"]
[EventRounds "9"]
[EventCountry "BIH"]
[EventCategory "15"]
[SourceTitle "CBM 066"]
[Source "ChessBase"]
[SourceDate "1998.09.30"]
[SourceVersion "1"]
[SourceVersionDate "1998.09.30"]
[SourceQuality "1"]

1. Nf3 Nf6 2. c4 e6 3. b3 {Meines Erachtens kommt Weiß so nicht zu Vorteil.
Die Alternativen 3.d4 oder 3.Nc3 sind für Schwarz gefährlicher. Ribli.} d5 4.
Bb2 Be7 {Es sei angemerkt, daß ohne 1...Sf6, die Idee ...Be7-f6 zu beachten
wäre.} 5. e3 O-O 6. Qc2 $6 {Mir gefällt dieser Zug nicht, denn die Dame steht
auf c2 nicht besonders gut.} (6. Be2 Nbd7 (6... b6 $5) (6... c5 $5) 7. O-O b6
8. d3 Bb7 9. Nbd2 Bd6 10. Qc2 c5 11. Rac1 Rc8 12. Qb1 Re8 13. Rfd1 Qe7 {
0-1 Anastasian,A-Yuferov,S/St.Petersburg op 1994 (28)}) (6. Nc3 $5) (6. cxd5)
6... c5 (6... Nbd7 7. d3 Re8 8. Nbd2 Bf8 9. Be2 b6 10. O-O Bb7 11. Rfd1 Rc8 12.
Nf1 c5 13. Ng3 Qc7 14. Rac1 Qb8 15. Re1 Qa8 {Kessler,A-Jacobs,A/RLPF-ch 1990/1/
2-1/2 (52)}) 7. a3 (7. Be2 Nc6 8. O-O $11) (7. cxd5 exd5 (7... Nxd5 8. a3 {
Weiß kann mit folgendem Be2-d3 eine Igelstellung aufbauen.}) 8. d4 $11) 7...
Nc6 (7... Nbd7 8. Bd3 b6 9. Ng5 h6 10. h4 Bb7 11. cxd5 exd5 12. Bh7+ Kh8 13.
Bf5 d4 $1 14. exd4 cxd4 15. Bxd4 Nc5 $44 16. Be5 Qd5 17. d4 Nxb3 18. Bxf6 Nxa1
19. Qd3 Ba6 20. Bxg7+ Kxg7 21. Qh3 {0-1 Colovic,D-Dizdar,G/Makarska 1994}) 8.
Bd3 $6 (8. cxd5 exd5 (8... Nxd5 9. d3) 9. Bb5 (9. d4)) 8... d4 {[%csl Rb2,Gd4]
Mit dieser Fortsetzung gewinnt Schwarz die Oberhand.} 9. exd4 (9. Ng5 h6 10.
Ne4 Ng4 11. Be2 Nce5 12. f4 d3 13. Qc3 dxe2 14. fxe5 b5 15. Kxe2 Bb7 16. Nd6
Bxd6 17. exd6 Qg5 18. h4 Qg6 19. d3 b4 20. axb4 cxb4 21. Qxb4 Bxg2 22. Rg1 Nxe3
$40 {0-1 McDonald,N-Muir,A/Lloyds Bank op 1988 (39)}) 9... Nxd4 $5 (9... cxd4
10. b4 $13 {[%csl Rc6]}) 10. Bxd4 (10. Nxd4 cxd4 {[%csl Rb2] Der Läufer auf b2
ist eingeengt.}) 10... cxd4 11. O-O b6 $15 {Schwarz besitzt das Läuferpaar,
sowie Zentrumsvorteil, während der Weiße noch Entwicklungsprobleme zu lösen
hat.} 12. Be2 {Nur so kann Weiß die Entwicklung beenden. Die Struktur ist
jetzt ähnlich der Benoni-Verteidigung mit vertauschten Farben.} (12. Be4 Rb8
$15) 12... Bb7 13. d3 Rc8 {[%csl Rc2,Gc8][%cal Gc8c2]} 14. Nbd2 {[#]} Nd5 $1 {
[%csl Yc3][%cal Gd5c3] Von d5 kontrolliert der schwarze Springer steht die
Schwäche c3. Zudem hat Schwarz stets die Möglichkeit ...Nf4 im Auge.} 15. Ne1
b5 $5 {Das ist der sogenannte Minoritätsangriff. Die Hauptstrategie für
Schwarz wäre der Vorstoß mit den e- und f-Bauern im Zentrum, aber zuerst
möchte er die Lage am Damenflügel klären.} 16. Bf3 Qd7 {Der Läufer auf b7 muß
gedeckt werden.} (16... e5 $2 17. Qb2 $18 {[%csl Rb7,Rd5,Gf3]}) 17. b4 e5 18.
Qb3 bxc4 19. Nxc4 (19. dxc4 Nc3 $17 {[%csl Gc3,Gd4,Ge5] Das schwarze
Übergewicht im Zentrum ist spürbar und von größerer Bedeutung als die weiße
Damenflügelmehrheit.}) 19... f6 {[%cal Gb3g8] Dieser Zug schwächt die
Diagonale a2-g8, aber es gibt nichts Konkretes für Weiß.} 20. b5 {Es ist
verständlich, daß Weiß aktives Spiel am Damenflügel sucht, aber vielleicht
wäre 20.g3 mit folgendem 21.Bg2 sicherer.} Kh8 21. a4 Rc5 {[%csl Gc5,Gd4,Gd5]}
22. Na5 $6 (22. Nc2 $5 {[%cal Gc2a3,Ga3c4]} Nf4 23. Bxb7 Qxb7 {[%cal Rb7g2]}
24. f3 Rfc8 25. N2a3) 22... Ba8 {Natürlich hält Schwarz daas Läuferpaar.} 23.
g3 a6 $1 {[%csl Ra5,Rb5,Gc5][%cal Gc5a5] Schwarz gewinnt einen Bauern.} 24. Nc6
(24. Rb1 axb5 25. axb5 Rb8 $17 {[%csl Ra5,Rb3,Rb5,Gb8,Gc5]}) 24... Bxc6 25.
bxc6 Qxc6 {[%csl Gf3][%cal Gf3c6] Der schwarze Mehrbauer ist wegen der weißen
Dominanz in der langen Diagonalen a8-h1 nicht so leicht zu verwerten.} 26. Nc2
{[%csl Rc6,Rd5,Gf3][%cal Rc2b4]} Qd6 $5 {Schwarz entfesselt sich und vermeidet
so Unannehmlichkeiten nach Nb4.} (26... Rxc2 27. Bxd5 $15 {[%csl Gd5]}) 27.
Rfe1 Rb8 $17 {[%csl Rb3,Gb8,Gc5,Gd5]} 28. Qa2 (28. Qa3 f5 $5 (28... Rxc2 29.
Qxd6 Bxd6 30. Bxd5 Rbb2 31. Rac1 h6 $17 {Schwarz steht aktiv und besitzt auch
einen Mehrbauern, aber die ungleichfarbigen Läufer bieten Weiß gewisse
Rettungschancen.}) 29. Nxd4 $2 exd4 30. Bxd5 Qxd5 (30... Rxd5 $2 31. Rxe7 $132
(31. Qxd6 $2 Bxd6 $19)) 31. Rxe7 Rc3 {[%csl Ra3,Gc3,Gd5]} 32. Qa2 Rc1+ 33. Rxc1
Qxa2 $19) 28... Nc3 {[%csl Ra2]} 29. Qf7 (29. Qa3 Qd7 $17 {[%csl Ra3,Gc3,Gd4,
Ge7][%cal Ge7a3]} (29... e4 {Dieser Zug kommt zu früh - er bedarf der
Vorbereitung.} 30. Bxe4 (30. dxe4 d3 $17 {[%csl Gc3,Gd3]}) 30... Nxe4 31. Rxe4
Rxc2 32. Rxe7 (32. Qxd6 Bxd6 $19) 32... Qxa3 (32... Rb1+ $4 33. Rxb1 Qxa3 34.
Re8+) 33. Rxa3 h6 $15)) 29... Rf8 30. Qb3 Rb8 {Schwarz möchte nicht etwa Remis
durch Zugwiederholung, sondern schneller die Zeitkontrolle erreichen.} 31. Qf7
Rf8 32. Qb3 f5 {Der Durchbruchsplan ...e5-e4 ist für Weiß tödlich.} 33. Bg2 Rb8
34. Qa3 e4 {[%csl Ra3] Weiß hat einen Minusbauern und entfaltet keinerlei
aktives Gegenspiel, während alle Figuren des Nachziehenden brilliant plaziert
sind.} 35. dxe4 d3 $1 {[%csl Gc3,Gd3]} (35... fxe4 36. Bxe4 d3 $5 (36... Nxe4
37. Rxe4 Rxc2 38. Rxe7 Qf6 $17 {[%csl Re7,Rf2][%cal Rc2f2,Gf6f2]}) 37. Bxd3 $2
Qxd3 38. Rxe7 Qxc2) 36. e5 (36. Ne3 fxe4 $17 {[%csl Gc3,Gd3,Ge4]}) 36... Qc7 {
[%csl Ra3,Rc2,Gc3,Gd3] Nur materiell konnte Weiß Gleichgewicht herstellen.
Schwarz hat verschiedene - unparierbare - Drohungen.} (36... Rxe5 37. Qxc3 (37.
Qxd6 Bxd6 $19) (37. Rxe5 Qxe5 $19) 37... Rc5 $17 {[%csl Rc2,Gc5,Gd3][%cal
Rc5c2]}) 37. Nb4 (37. Ne3 d2 (37... Rxe5 38. Qc1 Ne2+ $19 {[%cal Re2g1,Re2c1]})
38. Rf1 Rxe5 $19 {[%csl Ra3][%cal Re7a3] und die weiße Dame hat kein Feld.})
37... d2 $19 {[%csl Ra3,Rb4,Gc3,Gd2][%cal Ge7a3]} 38. Nxa6 {[%cal Ra6b8,Ra6c7,
Ra6c5] Es sieht auf den ersten Blick nach weißen Gegenchancen aus, aber in
Wirklichkeit gewinnt Schwarz leicht.} (38. Rf1 Ra5 $19 {[%csl Ra3,Rb4][%cal
Re7a3]} (38... Rxe5 39. Nxa6 Qc4 $19)) 38... Rxe5 (38... dxe1=Q+ 39. Rxe1 Rxe5
$19 (39... Ra5 $19)) 39. Rf1 (39. Nxc7 dxe1=Q+ 40. Rxe1 Rxe1+ 41. Bf1 Bxa3 $19)
39... Bxa3 40. Nxc7 Bb2 {[%csl Ra1,Gb2,Gc3,Gd2] und Weiß gab die hoffnungslose
Stellung auf.} 0-1

[Event "Moscow ZSKS"]
[Site "Moscow"]
[Date "1992.??.??"]
[Round "?"]
[White "Shvedchikov, Anatoli I"]
[Black "Totsky, Leonid"]
[Result "1/2-1/2"]
[WhiteElo "2330"]
[BlackElo "2435"]
[Annotator "Ribli,Z"]
[PlyCount "22"]
[EventDate "1992.??.??"]
[EventType "tourn"]
[EventRounds "11"]
[EventCountry "RUS"]
[EventCategory "8"]
[SourceTitle "CBM 030"]
[Source "ChessBase"]
[SourceDate "1992.10.01"]
[SourceVersion "1"]
[SourceVersionDate "1992.10.01"]
[SourceQuality "1"]

1. c4 e6 2. Nf3 Nf6 3. g3 d5 4. b3 c5 $5 5. Bg2 Nc6 6. cxd5 exd5 7. O-O d4 (
7... Be7 $5 8. d4 Ne4 9. Bb2 Bf6 $13) 8. e4 dxe3 9. dxe3 Bg4 10. Bb2 Be7 11.
Nbd2 O-O $13 1/2-1/2

[Event "Women-Veterans"]
[Site "Aruba"]
[Date "1992.??.??"]
[Round "12"]
[White "Polugaevsky, Lev"]
[Black "Galliamova, Alisa"]
[Result "1-0"]
[WhiteElo "2640"]
[BlackElo "2400"]
[Annotator "Ribli,Z"]
[PlyCount "79"]
[EventDate "1992.08.??"]
[EventType "schev"]
[EventRounds "6"]
[EventCountry "NAU"]
[SourceTitle "CBM 033"]
[Source "ChessBase"]
[SourceDate "1993.04.01"]
[SourceVersion "1"]
[SourceVersionDate "1993.04.01"]
[SourceQuality "1"]

1. Nf3 Nf6 2. c4 e6 3. g3 d5 4. Bg2 dxc4 5. Qc2 $5 Nbd7 6. Na3 $5 (6. O-O Nb6
7. Na3 Bxa3 8. bxa3 Bd7 $1 9. Ne5 Ba4 10. Qc3 Nfd5 11. Qd4 Bb5 $1 $15 {Suba,
M-Ribli,Z Reggio Emilia 1986/87 43/14}) 6... Bxa3 (6... c5 7. Nxc4 b5 8. Nce5
Nd5 9. Nxd7 Bxd7 10. b3 Be7 11. Bb2 O-O 12. O-O Rc8 13. Rac1 Qb6 14. Ne5 $14 {
Polugaevsky,L-Serper,G Tilburg 1992 CBM/32}) 7. bxa3 Nb6 8. Ne5 Ng4 $2 (8...
O-O $5 9. O-O Rb8 $14 {Pigusov,E-Arencibia,W Santa Clara 1991 CBM/26}) 9. Nxg4
Qd4 10. Bb2 Qxg4 11. h3 Qg5 12. h4 Qh6 13. a4 $1 $16 O-O (13... a5 14. Ba3 $16)
14. a5 Nd5 15. Qxc4 Bd7 16. e4 Nf6 17. Qxc7 Bb5 18. Qe5 Bd3 19. f3 Rac8 20. Qg5
Nh5 21. Qxh6 gxh6 22. Kf2 Rc2 23. Bc3 Rc8 24. Bb4 Ba6 (24... Rb2 25. a3 $18)
25. Bf1 $1 Bxf1 26. Rhxf1 e5 27. Ke3 R2c6 28. Rg1 Rg6 29. Bc3 Re8 30. Rab1 Re7
31. g4 Nf4 32. Rb5 f6 33. d4 $1 exd4+ 34. Bxd4 Ne6 35. Bxa7 h5 36. Rxh5 Ng7 37.
Rd5 h5 38. Bd4 $1 f5 39. Bxg7 f4+ 40. Kxf4 1-0